| 000 | 00568nam a2200205Ia 4500 | ||
|---|---|---|---|
| 999 |
_c3239 _d3239 |
||
| 008 | 200103s 1971 ||||xx |||||||||||||| ||und|| | ||
| 020 | _a853090467 | ||
| 082 |
_a537.0246238 _bKEM |
||
| 100 | _aKemp, J. F. | ||
| 245 | 0 | _aElectricity & general magnetism | |
| 260 |
_bKandy Publications Limited _c1971 _aLondon |
||
| 300 | _a142 p.: ill. | ||
| 440 | _aNautical text book series | ||
| 504 | _aIncludes index | ||
| 650 | _aElementary electricity | ||
| 650 | _aMagnetostatics | ||
| 650 | _aRadio waves | ||
| 700 |
_aYoung, J. F. _eCo-author |
||
| 942 | _cBK | ||